Politika proti dominanci
Saved in:
| Main Author: | |
|---|---|
| Other Authors: | |
| Format: | Book |
| Language: | Czech |
| Published: |
Praha
Univerzita Karlova. Nakladatelství Karolinum
2019
|
| Edition: | 1. vydání |
| Series: | Politeia
|
| Subjects: | |
| Tags: |
No Tags, Be the first to tag this record!
|
MARC
| LEADER | 00000nam a2200000 4500 | ||
|---|---|---|---|
| 001 | 0268607 | ||
| 005 | 20240221113106.7 | ||
| 020 | |a 978-80-246-3800-3 | ||
| 020 | |a 978-80-246-3843-0 | ||
| 041 | 0 | |a cze | |
| 044 | |a CZ | ||
| 245 | 1 | 0 | |a Politika proti dominanci |c Ian Shapiro ; přeložila: Zuzana Šťastná |
| 250 | |a 1. vydání | ||
| 264 | 1 | |a Praha |b Univerzita Karlova. Nakladatelství Karolinum |c 2019 | |
| 300 | |a 381 s. | ||
| 490 | 1 | |a Politeia | |
| 830 | 0 | |a Politeia | |
| 610 | 2 | 0 | |a politika |
| 610 | 2 | 0 | |a demokracia |
| 610 | 2 | 0 | |a moc politická |
| 610 | 2 | 0 | |a boj politický |
| 610 | 2 | 0 | |a etika |
| 610 | 2 | 0 | |a politika vnútorná |
| 610 | 2 | 0 | |a politika zahraničná |
| 610 | 2 | 0 | |a moc verejná |
| 610 | 2 | 0 | |a strany politické |
| 610 | 2 | 0 | |a vláda |
| 610 | 2 | 0 | |a globalizácia |
| 100 | 1 | |a Shapiro, Ian | |
| 700 | 1 | |a Šťastná, Zuzana | |